Análisis gramatical (Record no. 81308)

MARC details
000 -LEADER
campo de control de longitud fija 00620nam a2200181 i 4500
001 - NÚMERO DE CONTROL
campo de control 81308
003 - IDENTIFICADOR DE NÚMERO DE CONTROL
campo de control ES-MaACL
005 - FECHA Y HORA DE LA ÚLTIMA TRANSACCIÓN
campo de control 20250814063221.0
007 - CAMPO FIJO DE DESCRIPCIÓN FÍSICA--INFORMACIÓN GENERAL
campo de control de longitud fija t|
008 - DATOS DE LONGITUD FIJA--INFORMACIÓN GENERAL
campo de control de longitud fija 041104s1931 sp ||||1| spa d
100 1# - ENTRADA PRINCIPAL--NOMBRE DE PERSONA
Nombre de persona Huerta, Luis,
Fechas asociadas al nombre 1889-1975
9 (RLIN) 148613
245 10 - MENCIÓN DEL TÍTULO
Título Análisis gramatical
Resto del título : ideas fundamentales acerca del lenguaje : teoría del análisis gramatical : práctica del análisis /
Mención de responsabilidad, etc. Luis Huerta Naves.
260 ## - PUBLICACIÓN, DISTRIBUCIÓN, ETC.
Lugar de publicación, distribución, etc. Madrid :
Nombre del editor, distribuidor, etc. [s.n.,
Fecha de publicación, distribución, etc. 1931] (
Fabricante Torrent)
300 ## - DESCRIPCIÓN FÍSICA
Extensión 382 p. ;
Dimensiones 19 cm.
650 #4 - PUNTO DE ACCESO ADICIONAL DE MATERIA--TÉRMINO DE MATERIA
Término de materia o nombre geográfico como elemento de entrada Lengua española-
Subdivisión general Sintaxis.
9 (RLIN) 138713
852 ## - LOCALIZACIÓN
Ubicación ES-MaACL
Número de control de estantería F-14545
Holdings
Estatus retirado Estado de pérdida Estado de daño No para préstamo Biblioteca de origen Biblioteca actual Ubicación en estantería Fecha de adquisición Fuente de adquisición Total de préstamos Signatura topográfica completa Código de barras Visto por última vez Precio de reemplazo Tipo de ítem Koha
        Biblioteca del Ateneo de Madrid Biblioteca del Ateneo de Madrid Sala Pecera Planta 2 17/01/2008     F-14545 1084997 23/02/2023 23/02/2023 Libro impreso